Gradi dell’Aeronautica Militare Italiana - Statistics

Statistiche generali
  • Questo quiz è stato fatto 245 volte
  • Il punteggio medio è 16 su 30
Statistiche sulle risposte
Tipo di grado Codice NATO Grado % Corretto
Generale OF 10 Generale
89%
Ufficiale inferiore OF 1 Tenente
88%
Ufficiale superiore OF 5 Colonnello
82%
Ufficiale inferiore OF 2 Capitano
81%
Militare di truppa OR 1 Aviere
79%
Ufficiale inferiore OF 1 Sottotenente
76%
Ufficiale superiore OF 3 Maggiore
74%
Ufficiale superiore OF 4 Tenente colonnello
74%
Sottufficiale OR 5 Sergente
73%
Militare di truppa OR 2 Aviere scelto
72%
Sottufficiale OR 9 Luogotenente
67%
Militare di truppa OR 3 Primo aviere
63%
Graduato OR 4 Aviere capo
60%
Sottufficiale OR 6 Sergente maggiore
58%
Generale OF 6 Generale di brigata aerea
52%
Sottufficiale OR 9 Maresciallo di prima classe
50%
Generale OF 8 Generale di squadra aerea
49%
Sottufficiale OR 8 Maresciallo di seconda classe
49%
Sottufficiale OR 8 Maresciallo di terza classe
49%
Graduato OR 4 Primo aviere capo
48%
Sottufficiale OR 9 Primo maresciallo
48%
Graduato OR 4 Primo aviere scelto
46%
Generale OF 7 Generale di divisione aerea
43%
Sottufficiale OR 7 Sergente maggiore capo
42%
Graduato OR 4 Primo aviere capo scelto
19%
Graduato OR 4 Primo aviere capo scelto qualifica speciale
13%
Sottufficiale OR 7 Sergente maggiore capo qualifica speciale
12%
Ufficiale inferiore OF D Aspirante ufficiale
9%
Sottufficiale OR 9 Primo luogotenente qualifica speciale
8%
Generale OF 9 Generale di squadra arerea con incarichi speciali
6%
Nessun quiz corrispondente trovato
Distribuzione punteggi
Percentuale di utenti per punteggio
Percentile per numero di risposta
I tuoi punteggi nel tempo
Non hai fatto questo quiz